00970nam a2200181 i 4500001000700000003000900007005001700016008004100033040002000074245024100094260005500335300002000390505015400410700002500564710007400589852010000663852002500763160614ES-MaACL20250902084029.0041026s1881 sp |||| | spa d aCAM bspa cCAM00aNeptuno Sociedad anónima para la perforacion de pozos artesianos constituida por escritura de 30 de Marzo de 1880 con arreglo à la ley de 19 de Octubre de 1869 b: código de comercio y demás disposiciones vigentes en la materia. aAlcoy : b[s.n.], c1881 (fImprenta de El Serpis) a21 p. ; c22 p.8 aContiene: Memoria referente al año 1880 leida por el Presidente de la misma Luis Perez Juliá en la Junta general ordinaria de 18 de Enero de 188111aPerez Juliá, Luis.21aNeptuno, Sociedad Anónima para la perforación de pozos artesianos aES-MaACLjT-374-F-5 z-- Enc. hol. q-- Falto de la cub. original z-- Enc. en un vol. facticio aES-MaACLjT-373-F-15